000 00868nam a2200229 a 4500
003 0
005 20250314082340.0
008 080526s19uu xx 00 eng d
050 _aPGS TP 245.S73
_b.M291 2007
100 _aMante, Elaine Lhel G.
245 _aAdsorption capacity of human hair, rice hull and corn silk as an oil spill recovery agent /
_cElaine Lhel G. Mante.
260 _aLas PiƱas City, Philippines :
_bSouthville International School and Colleges,
_c2007.
300 _a27 pages :
_billustrations ;
_c28 cm.
504 _aIncludes bibliographical references.
650 _aOil spills
_vEnvironmental aspects.
650 _aOil spills
_vCleanup.
650 _aAdsorption.
650 _aSorbents.
650 _aNatural sorbents
_vEnvironmental applications.
650 _aBiodegradable materials for oil spill recovery.
942 _2lcc
_cPASS
999 _c97976
_d97976